000 00223nam a2200097Ia 4500
008 240331s9999 xx 000 0 und d
082 _bADI
100 _aICES. ed
245 2 _aA directory :
_bviolence against women
942 _cL
999 _c2877
_d2877